000 00745nam a2200217Ia 4500
003 GCL
005 20240530104854.0
008 140319s9999 xx 000 0 ara d
040 _aGCL /
_cGCL
082 0 4 _a327.531
_bج ع
100 1 _aسامية الشامى
245 1 0 _aالعلاقات اليمنية السعودية بين الماضى والمستقبل /
_cسامية الشامى
260 _aالقاهرة :
_bمكتبة مدبولى ،
_c1993
300 _a368 ص ؛
_b24 سم.
650 0 4 _aاليمن
650 0 4 _aالعلاقات الخارجية
650 0 4 _aالمملكة العربية السعودية
700 1 _aطلعت غنيم حسن (مترجم)
700 1 _aجريجرى جويس
942 _2ddc
_cBK
999 _c51380
_d51380